Southville International School and Colleges
Your cart is empty.
  • Cart
  • Lists
    Public lists Eva Luna New books Lux_list list_1
    Your lists Log in to create your own lists
  • Log in to your account
  • Your cookies
  • Search history
Southville International School and Colleges
  • Advanced search
  • Recent comments
  • Most popular
  • Libraries

Log in to your account

Log in with GOOGLE


If you do not have an external account, but do have a local account, you can still log in:

  1. Home
  2. MARC view: Experimental foods laboratory manual /
Normal view MARC view ISBD view

Experimental foods laboratory manual / (Record no. 357735)

[ view plain ]
MARC details
000 -LEADER
fixed length control field 00684nam a2200229Ia 4500
008 - FIXED-LENGTH DATA ELEMENTS--GENERAL INFORMATION
fixed length control field 180523s9999 xx 000 0 und d
020 ## - INTERNATIONAL STANDARD BOOK NUMBER
International Standard Book Number 978-0-13-235328-1
050 ## - LIBRARY OF CONGRESS CALL NUMBER
Classification number MAIN TX 663
050 ## - LIBRARY OF CONGRESS CALL NUMBER
Item number .M39 2008
100 ## - MAIN ENTRY--PERSONAL NAME
Personal name McWilliams, Margaret.
245 #0 - TITLE STATEMENT
Title Experimental foods laboratory manual /
245 #0 - TITLE STATEMENT
Statement of responsibility, etc Margaret McWilliams.
250 ## - EDITION STATEMENT
Edition statement 7th Edition
260 ## - PUBLICATION, DISTRIBUTION, ETC. (IMPRINT)
Place of publication, distribution, etc Singapore :
260 ## - PUBLICATION, DISTRIBUTION, ETC. (IMPRINT)
Name of publisher, distributor, etc Pearson Education South Asia,
260 ## - PUBLICATION, DISTRIBUTION, ETC. (IMPRINT)
Date of publication, distribution, etc 2008
300 ## - PHYSICAL DESCRIPTION
Extent 405 pages :
300 ## - PHYSICAL DESCRIPTION
Dimensions 28 cm.
650 ## - SUBJECT ADDED ENTRY--TOPICAL TERM
Topical term or geographic name as entry element Cooking -- Study and teaching -- Laboratory manuals.
650 ## - SUBJECT ADDED ENTRY--TOPICAL TERM
Topical term or geographic name as entry element Food -- Research -- Laboratory manuals.
650 ## - SUBJECT ADDED ENTRY--TOPICAL TERM
General subdivision Food -- Analysis -- Laboratory manuals.
Holdings
Withdrawn status Lost status Damaged status Home library Current library Shelving location Date acquired Total Checkouts Full call number Barcode Date last seen Price effective from Koha item type
      South Mansfield College South Mansfield College   11/16/2012   MAIN TX 663 .M39 2008 SMC05792 05/23/2018 05/23/2018  

Experimental foods laboratory manual /

APA

McWilliams M., .Experimental foods laboratory manual. Singapore: .

Chicago

McWilliams Margaret, .Experimental foods laboratory manual. Singapore: .

Harvard

McWilliams M., .Experimental foods laboratory manual. Singapore: .

MLA

McWilliams Margaret, .Singapore: . .

  • Place hold
  • Print
  • Cite
  • Add to your cart (remove)
  • Save record
    BIBTEX Dublin Core MARCXML MARC (non-Unicode/MARC-8) MARC (Unicode/UTF-8) MARC (Unicode/UTF-8, Standard) MODS (XML) RIS
  • More searches
    Search for this title in:
    Other Libraries (WorldCat) Other Databases (Google Scholar) Online Stores (Bookfinder.com) Open Library (openlibrary.org)

Exporting to Dublin Core...

SOUTHVILLE LIBRARY

Southville International School and Colleges Library

1281 Tropical Ave. Cor. Luxembourg St., BF Homes International, Las Pinas City

Tel. No. 8256374 / 252358 Loc. 117/146

Powered by Koha